000 00663nam a2200205 a 4500
999 _c7861
_d7861
001 7861
003 BD-JhCC
005 20180219110504.0
008 171017s1997 bg |||| ||a| 00| 0 ben d
035 _a(BD-JhCC)
040 _aBD-JhCC
_dBD-JhCC
041 _aben
082 _a973
_bMAR 1997
245 _aমার্কিন যুক্তরাষ্ট্র : সমাজ ও সংস্কৃতি (সংখ্যা: ৬) /
_cহাসিনা মতীন
260 _aঢাকা :
_bUSIS,
_c1997
300 _a66 p. :
_c22 cm.
650 _aSociety and culture
_zUnited States
700 _aমতীন, হাসিনা
942 _2ddc
_cBK